| 000 | 00590nam a22001457a 4500 | ||
|---|---|---|---|
| 008 | 160427b xxu||||| |||| 00| 0 eng d | ||
| 082 |
_22010 _aUT 0240 _bM32 |
||
| 100 |
_96540 _aMapa, Dominador C. _bJr. |
||
| 245 |
_aLevel of implementation of Municipal Ordinance No. 95-05 and the level of participation of the tricycle drivers and operators/ _cDominador C. Mapa Jr., Sydney p. Barsalote and Angelly D. Pantajo. |
||
| 260 |
_aDigos City: _bUMDC _cOctober 2010. |
||
| 300 |
_a55 pages; _c28 cm. |
||
| 700 |
_96538 _aBarsalote, Sydney P. |
||
| 700 |
_96539 _aPantajo, Angelly D. |
||
| 942 |
_2ddc _cUT |
||
| 999 |
_c2028 _d2028 |
||